[Event "Chess24 Banter Blitz Cup"]
[Site "chess24.com INT"]
[Date "2019.11.09"]
[Round "1.2"]
[White "Nyzhnyk, Illya"]
[Black "Vasquez Schroeder, Rodrigo"]
[Result "1-0"]
[WhiteTitle "GM"]
[BlackTitle "GM"]
[WhiteElo "2665"]
[BlackElo "2465"]
[WhiteFideId "14118084"]
[BlackFideId "3400042"]
[EventDate "2019.09.25"]
[EventType "blitz"]

1. Nf3 d5 2. g3 g6 3. Bg2 Bg7 4. d4 Nf6 5. O-O O-O 6. c4 dxc4 7. Na3 c3 8. bxc3
c5 9. e3 Nc6 10. Nc4 Nd5 11. Qb3 cxd4 12. cxd4 b6 13. Ba3 Ba6 14. Rfd1 Rc8 15.
Rac1 Qd7 16. e4 Bxc4 17. Qxc4 Nf6 18. d5 Na5 19. Qb4 Rfe8 20. Ne5 Qb7 21. Nc6
Nxc6 22. dxc6 Qa6 23. e5 Nh5 24. Bb2 Bh6 25. f4 e6 26. a4 Bf8 27. Qb5 Qxb5 28.
axb5 Red8 29. Rd7 Rxd7 30. cxd7 Rxc1+ 31. Bxc1 Be7 32. Ba3 Bd8 33. Bd6 Ng7 34.
g4 f6 35. exf6 1-0

[Event "Chess24 Banter Blitz Cup"]
[Site "chess24.com INT"]
[Date "2019.11.09"]
[Round "1.3"]
[White "Vasquez Schroeder, Rodrigo"]
[Black "Nyzhnyk, Illya"]
[Result "1-0"]
[WhiteTitle "GM"]
[BlackTitle "GM"]
[WhiteElo "2465"]
[BlackElo "2665"]
[WhiteFideId "3400042"]
[BlackFideId "14118084"]
[EventDate "2019.09.25"]
[EventType "blitz"]

1. e4 e6 2. d4 d5 3. Nc3 Nf6 4. e5 Nfd7 5. Nce2 c5 6. f4 Nc6 7. c3 Qb6 8. a3 a5
9. b3 Be7 10. Nf3 O-O 11. h4 f5 12. Ng5 Nd8 13. g3 Qa7 14. Bh3 b5 15. g4 Nb6 16.
gxf5 exf5 17. dxc5 Bxc5 18. Nd4 a4 19. b4 Bxd4 20. Qxd4 Nc4 21. Qxa7 Rxa7 22.
Bg2 Rd7 23. Kf2 h6 24. Nf3 Ne6 25. Rd1 Bb7 26. h5 d4 27. cxd4 Rfd8 28. Be3 Kf7
29. Bh3 Be4 30. Nd2 Nxd2 31. Rxd2 Nxd4 32. Rad1 Bf3 33. Bxf5 Rd5 34. Bg6+ Ke6
35. Rc1 Nb3 36. Rc6+ Ke7 37. Rxd5 Bxd5 38. Rc7+ Ke6 39. Bf7+ Kf5 40. Bxd5 Rxd5
41. Rxg7 Ke4 42. e6 Rd6 43. e7 Re6 44. Bc5 Nxc5 45. bxc5 b4 46. c6 bxa3 47. c7
a2 48. c8=Q 1-0

[Event "Chess24 Banter Blitz Cup"]
[Site "chess24.com INT"]
[Date "2019.11.09"]
[Round "1.4"]
[White "Nyzhnyk, Illya"]
[Black "Vasquez Schroeder, Rodrigo"]
[Result "1-0"]
[WhiteTitle "GM"]
[BlackTitle "GM"]
[WhiteElo "2665"]
[BlackElo "2465"]
[WhiteFideId "14118084"]
[BlackFideId "3400042"]
[EventDate "2019.09.25"]
[EventType "blitz"]

1. c4 e5 2. Nc3 Nf6 3. Nf3 Nc6 4. e3 Bb4 5. Qc2 Bxc3 6. Qxc3 Qe7 7. d4 Ne4 8.
Qd3 exd4 9. Nxd4 Qb4+ 10. Bd2 Nxd2 11. Qxd2 Qxd2+ 12. Kxd2 Nxd4 13. exd4 d6 14.
Re1+ Kd8 15. Bd3 Be6 16. d5 Bd7 17. Re3 h6 18. Rhe1 Re8 19. Kc3 Rxe3 20. Rxe3 c5
21. f4 g6 22. f5 gxf5 23. Rh3 Ke7 24. Rxh6 Rg8 25. g3 f4 26. gxf4 Rg4 27. f5 Rf4
28. Kd2 Rf2+ 29. Ke3 Rxb2 30. f6+ Kd8 31. h4 Rh2 32. h5 Rh3+ 33. Kd2 Rh2+ 34.
Kc1 Rf2 35. Rh8+ Kc7 36. h6 Bf5 37. Bxf5 Rxf5 38. Rf8 1-0

[Event "Chess24 Banter Blitz Cup"]
[Site "chess24.com INT"]
[Date "2019.11.09"]
[Round "1.5"]
[White "Vasquez Schroeder, Rodrigo"]
[Black "Nyzhnyk, Illya"]
[Result "0-1"]
[WhiteTitle "GM"]
[BlackTitle "GM"]
[WhiteElo "2465"]
[BlackElo "2665"]
[WhiteFideId "3400042"]
[BlackFideId "14118084"]
[EventDate "2019.09.25"]
[EventType "blitz"]

1. e4 e5 2. Nf3 Nf6 3. Nxe5 d6 4. Nf3 Nxe4 5. d4 d5 6. Bd3 Bd6 7. O-O O-O 8. c4
c6 9. Nc3 Nxc3 10. bxc3 dxc4 11. Bxc4 Bg4 12. Qd3 Bh5 13. Re1 b5 14. Bb3 Nd7 15.
Ng5 Bg6 16. Qf3 c5 17. Qc6 Qc7 18. Qxc7 Bxc7 19. Bd5 Rae8 20. Be3 h6 21. Bc6
Rxe3 22. fxe3 Nb8 23. Be4 hxg5 24. Bxg6 fxg6 25. Rf1 Re8 26. Rae1 Nc6 27. g3 g4
28. Kf2 b4 29. Rc1 Bb6 30. d5 Ne5 31. Rfd1 c4 0-1

[Event "Chess24 Banter Blitz Cup"]
[Site "chess24.com INT"]
[Date "2019.11.09"]
[Round "1.6"]
[White "Nyzhnyk, Illya"]
[Black "Vasquez Schroeder, Rodrigo"]
[Result "0-1"]
[WhiteTitle "GM"]
[BlackTitle "GM"]
[WhiteElo "2665"]
[BlackElo "2465"]
[WhiteFideId "14118084"]
[BlackFideId "3400042"]
[EventDate "2019.09.25"]
[EventType "blitz"]

1. d4 Nf6 2. Nf3 e6 3. g3 b6 4. Bg2 Bb7 5. O-O c5 6. c4 cxd4 7. Nxd4 Bxg2 8.
Kxg2 Qc8 9. b3 Qb7+ 10. f3 a6 11. Nc3 d6 12. e4 Nbd7 13. Be3 Be7 14. Qe2 O-O 15.
Rfd1 Rab8 16. Rac1 Rfc8 17. g4 h6 18. h4 Nh7 19. Bf2 Ne5 20. h5 Nf6 21. Bg3 Rd8
22. a4 Rbc8 23. Qe3 Ned7 24. Nde2 Nc5 25. Rb1 Nh7 26. Nd4 Bg5 27. Qe2 Bf6 28.
Qe3 Be5 29. Bh4 Bf6 30. Bxf6 Nxf6 31. g5 Nxh5 32. gxh6 g6 33. Qg5 Kh7 34. Rh1 f6
35. Qg4 f5 36. exf5 exf5 37. Qg5 Qf7 38. Nd5 Re8 39. Rbe1 Ne6 40. Nxe6 Rxe6 41.
Nxb6 Rce8 42. Qd2 Re2+ 43. Rxe2 Rxe2+ 44. Qxe2 Nf4+ 45. Kf2 Nxe2 46. Kxe2 Qe7+
47. Kd3 Qb7 48. Nd5 Qxb3+ 49. Kd2 Qb2+ 50. Ke3 Qe5+ 51. Kf2 Qd4+ 52. Kg3 g5 53.
f4 gxf4+ 54. Kg2 Qe4+ 55. Kg1 Qe1+ 56. Kg2 f3+ 0-1

[Event "Chess24 Banter Blitz Cup"]
[Site "chess24.com INT"]
[Date "2019.11.09"]
[Round "1.7"]
[White "Vasquez Schroeder, Rodrigo"]
[Black "Nyzhnyk, Illya"]
[Result "0-1"]
[WhiteTitle "GM"]
[BlackTitle "GM"]
[WhiteElo "2465"]
[BlackElo "2665"]
[WhiteFideId "3400042"]
[BlackFideId "14118084"]
[EventDate "2019.09.25"]
[EventType "blitz"]

1. e4 c6 2. d4 d5 3. exd5 cxd5 4. Bd3 Nc6 5. c3 Qc7 6. Ne2 Bg4 7. O-O e6 8. Qe1
Nf6 9. f3 Bh5 10. Qh4 Rg8 11. Bg5 Bg6 12. Bxg6 hxg6 13. Nd2 Bd6 14. Bf4 Ne7 15.
Bxd6 Qxd6 16. Qf4 Qxf4 17. Nxf4 Nc6 18. Nd3 Ke7 19. Rfe1 Nd7 20. Re2 b5 21. a3
a5 22. Nb3 b4 23. cxb4 axb4 24. Rc1 Rgc8 25. Rec2 bxa3 26. Rxc6 Rcb8 27. Rc7
axb2 28. Rb1 Rxb3 29. Rxd7+ Kxd7 30. Nc5+ Kc6 31. Nxb3 Ra2 32. Kf2 f6 33. Nc5
Kb5 34. Nd3 Kc4 35. Rxb2 Rxb2+ 36. Nxb2+ Kxd4 37. Ke2 e5 38. Kd2 e4 39. fxe4
dxe4 40. Ke2 f5 41. h4 f4 42. Nd1 Ke5 43. Nf2 Kf5 44. Nh3 Kg4 45. Ng5 e3 46. Ne6
Kg3 47. Kf1 Kg4 48. Ke2 Kf5 49. Nd4+ Ke4 50. Nf3 Kf5 51. Nh2 Ke5 52. Kf3 Kd4 53.
Ke2 Ke4 54. Nf3 Kf5 55. Nh2 g5 56. hxg5 Kxg5 57. Kf3 Kh4 58. g3+ fxg3 59. Nf1 g2 0-1

[Event "Chess24 Banter Blitz Cup"]
[Site "chess24.com INT"]
[Date "2019.11.09"]
[Round "1.8"]
[White "Nyzhnyk, Illya"]
[Black "Vasquez Schroeder, Rodrigo"]
[Result "1/2-1/2"]
[WhiteTitle "GM"]
[BlackTitle "GM"]
[WhiteElo "2665"]
[BlackElo "2465"]
[WhiteFideId "14118084"]
[BlackFideId "3400042"]
[EventDate "2019.09.25"]
[EventType "blitz"]

1. Nf3 d5 2. d4 Nf6 3. Bf4 e6 4. e3 Bd6 5. Nbd2 Bxf4 6. exf4 O-O 7. c3 b6 8. Bd3
Ba6 9. Bxa6 Nxa6 10. Qe2 Nb8 11. Ne5 c5 12. dxc5 bxc5 13. g4 Qc7 14. h4 Nc6 15.
h5 Nxe5 16. fxe5 Nd7 17. Nf3 f6 18. exf6 Nxf6 19. Ng5 Rae8 20. Nh3 e5 21. O-O-O
d4 22. h6 g6 23. Ng5 Qd6 24. Rhe1 Qd5 25. c4 Qc6 26. f3 e4 27. Nxe4 Nxe4 28.
fxe4 Qf6 29. e5 Qf4+ 30. Kb1 Re6 31. Rf1 Qxe5 32. Rxf8+ Kxf8 33. Rf1+ Ke7 34.
Qd2 Qe3 35. Kc2 Qe4+ 36. Kc1 Qxg4 37. Qa5 Qg5+ 38. Kb1 Qe5 39. Qxa7+ Kd6 40.
Qb6+ Kd7 41. Qb7+ Kd6 42. Qb8+ Kc6 43. Qxe5 Rxe5 44. Rf7 Rh5 45. Rxh7 Rh1+ 46.
Kc2 Rh2+ 47. Kd3 Rxb2 48. Ra7 Rh2 49. h7 g5 50. Rg7 g4 51. a4 Kb6 52. Ke4 Rh4
53. Kf4 d3 54. Ke3 Rh3+ 55. Kd2 g3 56. Kxd3 g2+ 57. Ke2 Rxh7 58. Rxg2 Ka5 59.
Kd3 Kxa4 60. Rb2 Rh4 61. Rb5 Rh5 62. Ke4 Rg5 63. Kd3 Rh5 64. Ke4 Rg5 65. Kd3 Rh5 1/2-1/2

[Event "Chess24 Banter Blitz Cup"]
[Site "chess24.com INT"]
[Date "2019.11.09"]
[Round "1.9"]
[White "Vasquez Schroeder, Rodrigo"]
[Black "Nyzhnyk, Illya"]
[Result "1/2-1/2"]
[WhiteTitle "GM"]
[BlackTitle "GM"]
[WhiteElo "2465"]
[BlackElo "2665"]
[WhiteFideId "3400042"]
[BlackFideId "14118084"]
[EventDate "2019.09.25"]
[EventType "blitz"]

1. e4 c6 2. d4 d5 3. exd5 cxd5 4. Bd3 Nc6 5. c3 Nf6 6. Bf4 g6 7. Nd2 Bf5 8. Bxf5
gxf5 9. Ngf3 e6 10. O-O Bd6 11. Bg5 h6 12. Bh4 Rg8 13. Kh1 Rg6 14. Qe2 Qc7 15.
Bxf6 Rxf6 16. Nb3 Rg6 17. Nc1 O-O-O 18. Nd3 Rdg8 19. Rg1 Rg4 20. Rae1 h5 21. g3
h4 22. Nxh4 Na5 23. f3 R4g7 24. f4 Nc4 25. Nf3 Rh8 26. b3 Nb6 27. Rc1 Kb8 28.
Rg2 Ba3 29. Rc2 Rc8 30. Qe3 Bd6 31. Rge2 a5 32. Kg1 a4 33. Kh1 Qd7 34. Nfe5 Qb5
35. b4 Nc4 36. Nxc4 Qxc4 37. Nc5 b6 38. Nxa4 Qa6 39. Nb2 Qxa2 40. Nd3 Qb3 41.
Nc5 Qc4 42. Nd7+ Kb7 43. Ne5 Qb3 44. Red2 Bxb4 45. Nd3 Bxc3 46. Re2 Rgg8 47.
Nc5+ Rxc5 48. dxc5 d4 49. Qf3+ Kc7 50. cxb6+ Kxb6 51. Rb2 Qxb2 52. Rxb2+ Bxb2
53. Qb3+ Kc5 54. Qxb2 Rd8 55. Qc2+ Kb4 56. Qc7 Rd5 57. Qxf7 d3 58. Qxe6 Kc5 59.
Qe3+ Kc4 60. Qd2 Kd4 61. Kg2 Rc5 62. Kf3 Rc2 63. Qe3+ Kc3 64. Qe5+ Kd2 65. Kf2
Kd1+ 66. Kf1 Re2 67. Qa1+ Kd2 68. Qb2+ Ke3 69. Qe5+ Kf3 70. Qxe2+ dxe2+ 71. Ke1
Ke3 72. h4 Kf3 73. h5 Kxg3 74. h6 Kxf4 75. h7 Ke3 76. h8=Q f4 77. Qe5+ Kf3 78.
Qxe2+ Kg3 79. Kf1 f3 80. Qe3 Kg4 81. Kf2 Kf5 82. Qxf3+ Ke5 83. Ke3 Kd6 84. Qe4
Kc5 85. Qe5+ Kc6 86. Kd3 Kb6 1/2-1/2

[Event "Chess24 Banter Blitz Cup"]
[Site "chess24.com INT"]
[Date "2019.11.09"]
[Round "1.10"]
[White "Nyzhnyk, Illya"]
[Black "Vasquez Schroeder, Rodrigo"]
[Result "0-1"]
[WhiteTitle "GM"]
[BlackTitle "GM"]
[WhiteElo "2665"]
[BlackElo "2465"]
[WhiteFideId "14118084"]
[BlackFideId "3400042"]
[EventDate "2019.09.25"]
[EventType "blitz"]

1. c4 Nf6 2. Nc3 e5 3. Nf3 Nc6 4. e3 Bb4 5. Qc2 Bxc3 6. Qxc3 Qe7 7. d4 Ne4 8.
Qd3 exd4 9. Nxd4 O-O 10. Be2 Qb4+ 11. Kf1 Qe7 12. f3 Nc5 13. Qd2 d6 14. Kf2 Qf6
15. Rf1 Ne4+ 0-1

[Event "Chess24 Banter Blitz Cup"]
[Site "chess24.com INT"]
[Date "2019.11.09"]
[Round "1.11"]
[White "Vasquez Schroeder, Rodrigo"]
[Black "Nyzhnyk, Illya"]
[Result "1-0"]
[WhiteTitle "GM"]
[BlackTitle "GM"]
[WhiteElo "2465"]
[BlackElo "2665"]
[WhiteFideId "3400042"]
[BlackFideId "14118084"]
[EventDate "2019.09.25"]
[EventType "blitz"]

1. e4 c5 2. Nf3 d6 3. Bb5+ Bd7 4. Bxd7+ Qxd7 5. c4 Nc6 6. Nc3 g6 7. d4 cxd4 8.
Nxd4 Bg7 9. Nde2 Nf6 10. f3 O-O 11. O-O a6 12. a4 Qd8 13. Kh1 Nd7 14. Bg5 Qa5
15. Bd2 Qd8 16. Rb1 Nc5 17. b3 Rb8 18. Bg5 h6 19. Be3 Ne6 20. Qd2 Kh7 21. Rfd1
Qa5 22. Rdc1 Rfc8 23. Qd1 f5 24. exf5 Qxf5 25. Nd5 Qf7 26. Qd2 Nc7 27. Nec3 Nxd5
28. Nxd5 Ne5 29. Nb6 Rf8 30. Rf1 Rbd8 31. Rbd1 e6 32. Bd4 Nc6 33. Bxg7 Qxg7 34.
Rfe1 Rfe8 35. Qe3 Qf7 36. Qc3 Qg7 37. Qd2 Qf7 38. a5 d5 39. cxd5 exd5 40. Rxe8
Qxe8 41. Re1 Qf7 42. Na4 d4 43. Nc5 d3 44. Rd1 Qd5 45. b4 Qc4 46. Rb1 Qc2 47.
Rd1 Qxd2 48. Rxd2 Nxb4 49. Nxb7 Rd5 50. Kg1 Rb5 51. Nd6 Rxa5 52. Rb2 Rd5 53. Ne4
a5 54. Nf6+ Kg7 55. Nxd5 Nxd5 56. Rb5 Nf4 57. Rxa5 d2 58. Ra7+ Kf6 59. Rd7 Ke5
60. Rxd2 h5 61. Kf2 Ne6 62. g3 g5 63. Ke3 Kf5 64. Rd5+ Kf6 65. h4 gxh4 66. gxh4
Ng7 67. Rg5 Nf5+ 68. Rxf5+ Kxf5 69. f4 Kg4 70. Ke4 Kxh4 71. f5 Kg3 72. f6 h4 73.
f7 h3 74. f8=Q h2 75. Qf3+ Kh4 76. Qg2 h1=R 77. Qxh1+ Kg4 78. Qg2+ Kh5 79. Kf5
Kh6 80. Qg6# 1-0

[Event "Chess24 Banter Blitz Cup"]
[Site "chess24.com INT"]
[Date "2019.11.09"]
[Round "1.12"]
[White "Nyzhnyk, Illya"]
[Black "Vasquez Schroeder, Rodrigo"]
[Result "1/2-1/2"]
[WhiteTitle "GM"]
[BlackTitle "GM"]
[WhiteElo "2665"]
[BlackElo "2465"]
[WhiteFideId "14118084"]
[BlackFideId "3400042"]
[EventDate "2019.09.25"]
[EventType "blitz"]

1. Nf3 d5 2. g3 g6 3. Bg2 Bg7 4. d4 Nf6 5. O-O O-O 6. c4 dxc4 7. Na3 Nc6 8. Nxc4
Be6 9. Nce5 Bd5 10. Bf4 Nxe5 11. Bxe5 c6 12. Qc2 Be4 13. Qb3 Qb6 14. Qxb6 axb6
15. Nd2 Bxg2 16. Kxg2 Rfd8 17. e3 Nd5 18. Bxg7 Kxg7 19. Rfd1 b5 20. Kf3 e6 21.
a3 Kf8 22. Nb3 Ke7 23. Nc5 Ra7 24. Ke2 Nf6 25. Rac1 Nd7 26. Nd3 Rda8 27. Rc2 Ra4
28. Rdc1 Kd6 29. f4 f6 30. g4 Ke7 31. h4 h5 32. Rg1 hxg4 33. Rxg4 Kf7 34. Rc1
Rg8 35. Rcg1 Raa8 36. Nf2 Nf8 37. Ne4 Rd8 38. R4g2 Rh8 39. Rh2 Rh5 40. Ng3 Rh7
41. h5 gxh5 42. Rxh5 Rxh5 43. Nxh5 Ng6 44. Ng3 Rh8 45. Rg2 Rh3 46. Ne4 Nh4 47.
Rf2 Nf5 48. Rf3 Rh2+ 49. Rf2 Rh3 50. Rf3 Rh2+ 51. Nf2 Nd6 52. Kd3 f5 53. b3 Kf6
54. a4 bxa4 55. bxa4 b5 56. axb5 cxb5 57. e4 fxe4+ 58. Nxe4+ Nxe4 59. Kxe4 Rb2
60. Rc3 b4 61. Rc6 Ke7 62. Rb6 Rb1 63. f5 exf5+ 64. Kxf5 Kd7 65. Ke5 Kc7 66. Rb5
Kc6 67. Rb8 Kc7 68. Rb5 Kc6 69. Rc5+ Kb6 70. Rc8 Kb7 71. Rc4 Kb6 72. Kd6 Kb5 73.
Rc8 Rd1 74. d5 b3 75. Ke6 Kb4 76. Rb8+ Kc3 77. d6 b2 78. d7 Rxd7 79. Kxd7 Kc2
80. Rxb2+ Kxb2 1/2-1/2

[Event "Chess24 Banter Blitz Cup"]
[Site "chess24.com INT"]
[Date "2019.11.09"]
[Round "1.13"]
[White "Vasquez Schroeder, Rodrigo"]
[Black "Nyzhnyk, Illya"]
[Result "0-1"]
[WhiteTitle "GM"]
[BlackTitle "GM"]
[WhiteElo "2465"]
[BlackElo "2665"]
[WhiteFideId "3400042"]
[BlackFideId "14118084"]
[EventDate "2019.09.25"]
[EventType "blitz"]

1. e4 c5 2. Nf3 d6 3. Bb5+ Nc6 4. Bxc6+ bxc6 5. O-O g6 6. c3 Bg7 7. d4 cxd4 8.
cxd4 Nf6 9. Nc3 O-O 10. h3 Rb8 11. Qc2 Qc7 12. Be3 Qb7 13. Rab1 Nd7 14. Rfd1 Nb6
15. b3 f5 16. Rbc1 fxe4 17. Qxe4 Bf5 18. Qh4 Nd5 19. Bd2 Bf6 20. Bg5 Qd7 21. Re1
Rbe8 22. Ne4 Bxe4 23. Qxe4 Bg7 24. Bd2 e6 25. Qc2 Rc8 26. Qd3 Rfe8 27. Rc2 Qb7
28. Rec1 Re7 29. Ng5 Ree8 30. Ne4 Qd7 31. Ba5 Ne7 32. Bb4 Nf5 33. Bc3 d5 34. Nc5
Qd6 35. b4 e5 36. dxe5 Bxe5 37. Re2 Bxc3 38. Rxc3 d4 39. Rcc2 Qd5 40. a3 Nh4 41.
f3 Nf5 42. Ne4 Kg7 43. Rc5 Qd7 44. Rc4 Rcd8 45. Rc1 Ne3 46. Nc5 Qf5 47. Qxf5
gxf5 48. Nd3 Re6 49. Rc5 Kf6 50. Kf2 Rg8 51. Nf4 Rd6 52. Rd2 Rgd8 53. Rd3 Kg5
54. g3 Kf6 55. h4 Rb8 56. Rd2 Rb5 57. Nd3 Rxc5 58. bxc5 Rd5 59. Nb4 Rxc5 60.
Rxd4 Nc4 61. Nd3 Rd5 62. Rxc4 Rxd3 63. Rxc6+ Ke5 64. f4+ Kd5 65. Ra6 Ke4 66.
Ra4+ Kd5 67. Rxa7 Rb3 68. Ra5+ Ke6 69. Ra6+ Kd5 70. Rf6 Ke4 71. Re6+ Kd4 72. Re5
Rb2+ 73. Kf3 Rb3+ 74. Kg2 Rxa3 75. Rxf5 Ke4 76. Re5+ Kd4 77. h5 Ra8 78. Kf3 Ra3+
79. Kg4 Ra8 80. Re6 Rg8+ 81. Kh4 Kd5 82. Re7 Kd6 83. Rxh7 Ke6 84. Rh6+ Kf5 85.
Rg6 Rh8 86. Rg5+ Ke4 87. Re5+ Kf3 88. Rc5 Ke4 89. Rc3 Kf5 90. Ra3 Rg8 91. Ra4
Rg4+ 92. Kh3 Rg8 93. Ra5+ Ke6 94. Rg5 Rh8 95. Rg6+ Kf5 96. Kh4 Ke4 97. g4 Kxf4
98. Rf6+ Ke5 99. Rf5+ Ke6 100. Kg3 Rb8 101. Kf4 Rb4+ 102. Kg5 Rb3 0-1

[Event "Chess24 Banter Blitz Cup"]
[Site "chess24.com INT"]
[Date "2019.11.09"]
[Round "1.14"]
[White "Nyzhnyk, Illya"]
[Black "Vasquez Schroeder, Rodrigo"]
[Result "1-0"]
[WhiteTitle "GM"]
[BlackTitle "GM"]
[WhiteElo "2665"]
[BlackElo "2465"]
[WhiteFideId "14118084"]
[BlackFideId "3400042"]
[EventDate "2019.09.25"]
[EventType "blitz"]

1. e4 c5 2. Nf3 d6 3. d4 cxd4 4. Nxd4 Nf6 5. f3 Nc6 6. c4 g6 7. Nc3 Bg7 8. Be3
O-O 9. Qd2 Bd7 10. Be2 Nxd4 11. Bxd4 Bc6 12. O-O a5 13. Rac1 Nd7 14. Rfd1 Bxd4+
15. Qxd4 Qb6 16. Qxb6 Nxb6 17. b3 Rfc8 18. Kf2 f6 19. Ke3 Kf7 20. f4 Nd7 21. Bg4
Rd8 22. Bxd7 Rxd7 23. Nd5 Rdd8 24. Rd4 Bxd5 25. Rxd5 Rdc8 26. Rb5 Rc7 27. a4 Ke6
28. f5+ Kd7 29. Rd1 Kc6 30. h4 b6 31. Kf3 Rg8 32. g4 Rcc8 33. Rbd5 Rg7 34. fxg6
Rxg6 35. Rg1 Rcg8 36. Kf4 R8g7 37. h5 Rg5 38. Rf5 h6 39. Rg3 Kd7 40. Rb5 Kc6 41.
Rd5 Rg8 42. Rxg5 Rxg5 43. Rd3 e6 44. Rf3 Kd7 45. Kg3 Ke7 46. Kh4 Re5 47. Rf4 Rg5
48. Kg3 Re5 49. Kf3 Rg5 50. Ke3 Re5 51. Rf1 Rg5 52. Kf4 f5 53. exf5 exf5 54.
gxf5 Kf6 55. Ke4 Rxh5 56. Rd1 Rh4+ 57. Kd5 Rh3 58. Kxd6 Rxb3 59. Rh1 Kg5 60. f6
Rf3 61. Ke7 h5 62. f7 1-0

[Event "Chess24 Banter Blitz Cup"]
[Site "chess24.com INT"]
[Date "2019.11.09"]
[Round "1.15"]
[White "Vasquez Schroeder, Rodrigo"]
[Black "Nyzhnyk, Illya"]
[Result "1/2-1/2"]
[WhiteTitle "GM"]
[BlackTitle "GM"]
[WhiteElo "2465"]
[BlackElo "2665"]
[WhiteFideId "3400042"]
[BlackFideId "14118084"]
[EventDate "2019.09.25"]
[EventType "blitz"]

1. e4 e6 2. d4 d5 3. Nc3 dxe4 4. Nxe4 Nd7 5. Nf3 Ngf6 6. Bg5 h6 7. Nxf6+ Nxf6 8.
Bh4 c5 9. c3 cxd4 10. Bb5+ Bd7 11. Bxf6 gxf6 12. Bxd7+ Qxd7 13. Nxd4 Bc5 14. Nb3
Qxd1+ 15. Rxd1 Bb6 16. Ke2 Ke7 17. g3 f5 18. Nd2 h5 19. Nf3 Rad8 20. Rxd8 Rxd8
21. Rc1 Kf6 22. Rc2 f4 23. Rd2 Rxd2+ 24. Nxd2 fxg3 25. hxg3 Kf5 26. Kf3 f6 27.
Nc4 Bc7 28. a4 Kg5 29. b4 h4 30. gxh4+ Kxh4 31. Na3 a6 32. Nc4 Kg5 33. b5 axb5
34. axb5 f5 35. b6 Bd8 36. Nd6 Bxb6 37. Nxb7 e5 38. Nd6 Bc5 39. Nc4 e4+ 40. Ke2
Kg4 41. Ne3+ Kf4 42. Nd5+ Ke5 43. Ne3 f4 44. Ng4+ Kf5 45. f3 e3 46. Nh6+ Ke5 47.
Nf7+ Kd5 48. Kd3 Be7 49. Nh6 Bf6 50. Ng4 Bg5 51. Nh2 Kc5 52. Ng4 Kd5 53. Nh2 Kc5
54. Ng4 1/2-1/2

[Event "Chess24 Banter Blitz Cup"]
[Site "chess24.com INT"]
[Date "2019.11.09"]
[Round "1.16"]
[White "Nyzhnyk, Illya"]
[Black "Vasquez Schroeder, Rodrigo"]
[Result "1/2-1/2"]
[WhiteTitle "GM"]
[BlackTitle "GM"]
[WhiteElo "2665"]
[BlackElo "2465"]
[WhiteFideId "14118084"]
[BlackFideId "3400042"]
[EventDate "2019.09.25"]
[EventType "blitz"]

1. d4 Nf6 2. Nf3 e6 3. g3 b6 4. Bg2 Bb7 5. O-O c5 6. c4 cxd4 7. Qxd4 d6 8. Nc3
a6 9. Rd1 Nbd7 10. Ne1 Bxg2 11. Kxg2 Qc7 12. b3 Be7 13. Ba3 Nc5 14. e4 O-O 15.
f3 Qb7 16. Nd3 Rac8 17. Nxc5 bxc5 18. Qe3 Rfd8 19. Rd2 Nd7 20. Rad1 Ne5 21. Na4
Nc6 22. e5 Nxe5 23. Nxc5 Qa7 24. Qe2 Rxc5 25. Bxc5 Qxc5 26. b4 Qc7 27. c5 d5 28.
a4 Nc4 29. Rd4 a5 30. b5 Bxc5 31. Qxc4 dxc4 32. Rxd8+ Bf8 33. Re8 g6 34. Rdd8
Qe5 35. Rxf8+ Kg7 36. Rg8+ Kh6 37. Rd2 Qe3 38. Rf2 Qb3 39. Rb8 Qxa4 40. b6 Qb3
41. b7 c3 42. Rc8 Qxb7 43. Rxc3 Qb4 44. Re3 a4 45. Ra2 Qc4 46. Rea3 e5 47. Rxa4
Qd3 48. R4a3 Qd5 49. Re2 f6 50. Rae3 Qd4 51. Re4 Qd5 52. R4e3 Qd4 53. Re4 Qd5
54. R4e3 1/2-1/2

[Event "Chess24 Banter Blitz Cup"]
[Site "chess24.com INT"]
[Date "2019.11.09"]
[Round "1.1"]
[White "Kazhgaleyev, Murtas"]
[Black "Iturrizaga Bonelli, Eduardo"]
[Result "0-1"]
[WhiteTitle "GM"]
[BlackTitle "GM"]
[WhiteElo "2569"]
[BlackElo "2629"]
[WhiteFideId "13700316"]
[BlackFideId "3901211"]
[EventDate "2019.09.25"]
[EventType "blitz"]

1. d4 Nf6 2. c4 e6 3. Nf3 b6 4. g3 Ba6 5. Qc2 Bb4+ 6. Bd2 Bxd2+ 7. Nbxd2 O-O 8.
Bg2 d5 9. O-O Nbd7 10. Rfd1 Qe7 11. Rac1 Rfc8 12. Qa4 Bb7 13. cxd5 exd5 14. e3
c5 15. Qa3 h6 16. dxc5 bxc5 17. Nb3 a5 18. Nbd4 Ne4 19. Nb5 Qe6 20. Nc3 Nef6 21.
Nh4 Ne5 22. Qb3 Rab8 23. Nxd5 c4 24. Nxf6+ Qxf6 25. Qc3 Bxg2 26. Kxg2 g5 27. Rd5
Re8 28. f4 Qc6 29. e4 Ng4 30. Qf3 Rxb2+ 31. Kh3 Nf2+ 32. Kg2 Nxe4+ 33. Kh1 Qxd5 0-1

[Event "Chess24 Banter Blitz Cup"]
[Site "chess24.com INT"]
[Date "2019.11.09"]
[Round "1.2"]
[White "Iturrizaga Bonelli, Eduardo"]
[Black "Kazhgaleyev, Murtas"]
[Result "0-1"]
[WhiteTitle "GM"]
[BlackTitle "GM"]
[WhiteElo "2629"]
[BlackElo "2569"]
[WhiteFideId "3901211"]
[BlackFideId "13700316"]
[EventDate "2019.09.25"]
[EventType "blitz"]

1. c4 e5 2. g3 Nf6 3. Bg2 Bc5 4. Nc3 c6 5. Nf3 e4 6. Nh4 d5 7. cxd5 cxd5 8. d4
Be7 9. O-O O-O 10. f3 exf3 11. Nxf3 Nc6 12. Bg5 Be6 13. a3 h6 14. Bxf6 Bxf6 15.
e3 Rc8 16. Qd3 Re8 17. Rae1 Na5 18. Nd2 a6 19. Na4 Be7 20. Nc3 b5 21. Rf2 Nc4
22. Nxc4 Rxc4 23. Qd1 Qd7 24. Qh5 Bg5 25. h4 Bd8 26. Ref1 Rxc3 27. bxc3 Rf8 28.
e4 dxe4 29. Bxe4 Bc4 30. Re1 Be7 31. Qf5 Qxf5 32. Bxf5 Bxa3 33. Ra1 Bd6 34. Rxa6
Bxg3 35. Rg2 Bf4 36. Rf6 Be3+ 37. Kh2 Kh8 38. Rb6 g6 39. Be4 Kg7 40. Kh1 Re8 41.
Bf3 Bf4 42. Rf2 Bg3 43. Rg2 Bxh4 44. Rb7 Bg5 45. Bc6 Re1+ 46. Rg1 Re3 47. Bxb5
Bd5+ 0-1

[Event "Chess24 Banter Blitz Cup"]
[Site "chess24.com INT"]
[Date "2019.11.09"]
[Round "1.3"]
[White "Kazhgaleyev, Murtas"]
[Black "Iturrizaga Bonelli, Eduardo"]
[Result "0-1"]
[WhiteTitle "GM"]
[BlackTitle "GM"]
[WhiteElo "2569"]
[BlackElo "2629"]
[WhiteFideId "13700316"]
[BlackFideId "3901211"]
[EventDate "2019.09.25"]
[EventType "blitz"]

1. e4 c5 2. Nf3 g6 3. c3 Nf6 4. e5 Nd5 5. d4 cxd4 6. cxd4 Bg7 7. Bc4 Nb6 8. Bb3
Nc6 9. O-O O-O 10. h3 d6 11. Bf4 dxe5 12. dxe5 Be6 13. Nc3 Qxd1 14. Rfxd1 Bxb3
15. axb3 Rfd8 16. Ne4 Nd5 17. Bg3 Rac8 18. Rac1 Bh6 19. Rc4 Nb6 20. Rxd8+ Rxd8
21. Rc2 Rd1+ 22. Kh2 Nd5 23. Nc5 Ndb4 24. Rc3 Nd5 25. Rc2 Ncb4 26. Rc4 b5 27.
Rh4 Bc1 28. Nd4 a6 29. Re4 Bxb2 30. Ne2 e6 31. Nf4 Bd4 32. Nd7 Nc3 33. Nf6+ Kg7
34. N4h5+ gxh5 35. Nxh5+ Kf8 36. Rg4 Nbd5 37. Nf4 Bxe5 38. Nxe6+ fxe6 39. Bxe5
Re1 40. f4 Ne4 41. Rg7 Ne3 42. Rxh7 Nf1+ 43. Kg1 Nfg3+ 0-1